Building and solving mathematical programming models in engineering and science
Αποθηκεύτηκε σε:
| Άλλοι συγγραφείς: | |
|---|---|
| Μορφή: | Βιβλίο |
| Γλώσσα: | English |
| Δημοσίευση: |
New York :
John Wiley & Sons,
c2002
|
| Σειρά: | Pure and applied mathematics (John Wiley & Sons: Unnumbered)
|
| Θέματα: | |
| Ετικέτες: |
Προσθήκη ετικέτας
Δεν υπάρχουν, Καταχωρήστε ετικέτα πρώτοι!
|
MARC
| LEADER | 00000nam a2200000 i 4500 | ||
|---|---|---|---|
| 001 | 1/71654 | ||
| 008 | 050216s2002 eng d | ||
| 020 | |a 0-471-15043-6 (cloth : alk. paper) | ||
| 035 | |l 10076593 | ||
| 040 | |a GR-MY-UA |b gre |e aacr | ||
| 041 | 0 | |a eng | |
| 082 | 0 | |a 620.0015197 |2 (21) | |
| 245 | 1 | 0 | |a Building and solving mathematical programming models in engineering and science / |c Enrique Castillo ... [et al.]. |
| 260 | |a New York : |b John Wiley & Sons, |c c2002 | ||
| 300 | |a xv, 546 σ.; |b εικ.; |c 25 εκ. | ||
| 490 | 1 | |a Pure and applied mathematics | |
| 504 | |a Περιλαμβάνει βιβλιογραφία (σ. 533-540) και ευρετήριο. | ||
| 650 | 0 | 0 | |a Programming (Mathematics) |
| 650 | 0 | 0 | |a Engineering models. |
| 700 | 1 | |a Castillo, Enrique |d 1946- | |
| 830 | 0 | |a Pure and applied mathematics (John Wiley & Sons: Unnumbered) | |
| 852 | |a INST |b SYROS |e 20050216 |h 620.0015197 BUI |p 005500004131 |q 005500004131 |t BK |y 0 | ||
| 901 | |a BIBL5-2005-1 | ||
| 909 | |a Ε |b 115718 | ||
| 920 | |a ΔΙΕΥΡΥΝΣΗ |b ΕΠΕΑΕΚ-ΤΜΣΠΣ |y ΣΥΡΟΣ |z 2004-10 | ||
| 970 | |a ΚΑΓΙΑΒΑ |b ΕΙΡΗΝΗ |z 2005/02/16 | ||